Statistiques concernant Intercommunalités de l'Indre

Cliquez ici pour prendre le quiz!

Statistiques générales

  • Ce quiz a été pris 16 fois
  • Le résultat moyen est 5 sur 15

Statistiques - réponses

Nombres de CommunesIntercommunalités% Correct
14Châteauroux Métropole
100%
12 (dont 03 dans le Cher)Communauté de communes du Pays d'Issoudun
80%
30Communauté de communes de La Châtre et Sainte-Sévère
67%
21Communauté de communes Éguzon - Argenton - Vallée de la Creuse
53%
10Communauté de communes de la Région de Levroux
40%
18Communauté de communes Écueillé - Valençay
33%
10Communauté de communes du Châtillonnais en Berry
27%
30Communauté de communes Champagne Boischauts
20%
09Communauté de communes de la Marche Berrichonne
13%
12Communauté de communes du Val de Bouzanne
13%
28Communauté de communes Brenne - Val de Creuse
7%
17Communauté de communes Marche Occitane - Val d'Anglin
7%
12Communauté de communes Val de l'Indre - Brenne
7%
10Communauté de communes Chabris - Pays de Bazelle
0%
11Communauté de communes Cœur de Brenne
0%

Distribution des résultats

Percentile par nombre de réponses

% des personnes avec chaque résultat

Votre développement - résultats

Vous n’avez pas pris ce quiz